<?xml version="1.0" encoding="UTF-8"?>
<record
    xmlns:xsi="http://www.w3.org/2001/XMLSchema-instance"
    xsi:schemaLocation="http://www.loc.gov/MARC21/slim http://www.loc.gov/standards/marcxml/schema/MARC21slim.xsd"
    xmlns="http://www.loc.gov/MARC21/slim">

  <leader>03231nab a2200349 i 4500</leader>
  <controlfield tag="003">BR-BrBNA</controlfield>
  <controlfield tag="005">20240822120406.0</controlfield>
  <controlfield tag="008">240822b2018    bl.|r|pooa||| 00| 0 eng |</controlfield>
  <datafield tag="040" ind1=" " ind2=" ">
    <subfield code="a">BR-BrBNA</subfield>
    <subfield code="b">eng</subfield>
  </datafield>
  <datafield tag="072" ind1=" " ind2=" ">
    <subfield code="a">L73</subfield>
    <subfield code="b">5120</subfield>
  </datafield>
  <datafield tag="100" ind1=" " ind2=" ">
    <subfield code="a">Fonteque, J.H. </subfield>
  </datafield>
  <datafield tag="100" ind1=" " ind2=" ">
    <subfield code="a">Granella, M.C.S. </subfield>
  </datafield>
  <datafield tag="100" ind1=" " ind2=" ">
    <subfield code="a">Souza, A.F. </subfield>
  </datafield>
  <datafield tag="100" ind1=" " ind2=" ">
    <subfield code="a">Mendes, R.P. </subfield>
  </datafield>
  <datafield tag="100" ind1=" " ind2=" ">
    <subfield code="a">Schade,  J. </subfield>
  </datafield>
  <datafield tag="100" ind1=" " ind2=" ">
    <subfield code="a">Borelli, V. </subfield>
  </datafield>
  <datafield tag="100" ind1=" " ind2=" ">
    <subfield code="a">Costa, A. </subfield>
  </datafield>
  <datafield tag="100" ind1=" " ind2=" ">
    <subfield code="a">Costa, P.G. </subfield>
  </datafield>
  <datafield tag="245" ind1=" " ind2=" ">
    <subfield code="a">Chronic renal failure in equine due to ascending pyelonephritis predisposed by cauda equina syndrome: Case report</subfield>
  </datafield>
  <datafield tag="500" ind1=" " ind2=" ">
    <subfield code="a">
Publica&#xE7;&#xE3;o online; 13 ref.; 3 illus.; Summaries (En, Pt)</subfield>
  </datafield>
  <datafield tag="520" ind1=" " ind2=" ">
    <subfield code="a">

ABSTRACT - This report describes the case of a mare, of the Campeiro breed, used as an embryo donor, which had recurrent cystitis and urinary incontinence crisis. Clinical signs evolved to progressive weight loss, anorexia, apathy, and isolation from the group. Physical examination showed tail hypotonia, perineal hypalgesia, rectal and bladder sagging compatible with signs related to cauda equina syndrome. Complementary laboratory and sonographic assessment, and necropsy confirmed the diagnosis of chronic renal failure (CRF), which was attributed to the ascending pyelonephritis. The examination of urine culture showed growth of bacteria of the genus Streptococcus sp. This is a rare case in the equine species where the lower motor neuron dysfunction led the development of infectious process in the urinary tract,
progressing to renal chronic condition incompatible with life.


Keywords: Campeiro, nephropathy, neuropathy, urinary tract. </subfield>
  </datafield>
  <datafield tag="520" ind1=" " ind2=" ">
    <subfield code="a">

RESUMO - Descreve-se o caso de uma &#xE9;gua, da ra&#xE7;a Campeiro, utilizada como doadora de embri&#xF5;es, que apresentava quadros de cistite recorrente e incontin&#xEA;ncia urin&#xE1;ria. Os sinais cl&#xED;nicos evolu&#xED;ram para emagrecimento progressivo, anorexia, apatia e isolamento do plantel. Ao exame f&#xED;sico, foi identificada hipotonia da cauda, hipoalgesia da regi&#xE3;o perineal, flacidez retal e vesical, compat&#xED;veis com sinais relacionados &#xE0; s&#xED;ndrome da cauda equina. Exames complementares laboratoriais, exame ultrassonogr&#xE1;fico e necropsia confirmaram o diagn&#xF3;stico de insufici&#xEA;ncia renal cr&#xF4;nica (IRC), a qual foi atribuida &#xE0; pielonefrite ascendente. O exame de urocultura demonstrou crescimento de bact&#xE9;rias do g&#xEA;nero Streptococcus sp. Este &#xE9; um caso raro em equinos em que a disfun&#xE7;&#xE3;o de neur&#xF4;nio motor inferior propiciou o desenvolvimento de processo infeccioso no trato urin&#xE1;rio, progredindo para um quadro
cr&#xF4;nico renal incompat&#xED;vel com a vida.


Palavras-chave: Campeiro, nefropatia, neuropatia, trato urin&#xE1;rio</subfield>
  </datafield>
  <datafield tag="650" ind1=" " ind2=" ">
    <subfield code="a">CAVALO</subfield>
  </datafield>
  <datafield tag="650" ind1=" " ind2=" ">
    <subfield code="a">APARELHO URIN&#xC1;RIO</subfield>
  </datafield>
  <datafield tag="650" ind1=" " ind2=" ">
    <subfield code="a">DOEN&#xC7;A ANIMAL</subfield>
  </datafield>
  <datafield tag="650" ind1=" " ind2=" ">
    <subfield code="a">NEFROPATIA</subfield>
  </datafield>
  <datafield tag="650" ind1=" " ind2=" ">
    <subfield code="a">RIM</subfield>
  </datafield>
  <datafield tag="773" ind1="0" ind2=" ">
    <subfield code="0">1643</subfield>
    <subfield code="9">317355</subfield>
    <subfield code="d">Belo Horizonte-MG Universidade Federal de Minas Gerais - Escola de Veterinaria 1983</subfield>
    <subfield code="o">2024-4007</subfield>
    <subfield code="t">Arquivo Brasileiro de Medicina Veterin&#xE1;ria e Zootecnia (Brazil)</subfield>
    <subfield code="x">0102-0935</subfield>
    <subfield code="g">v. 70(2) p. 347-352; (2018)</subfield>
    <subfield code="w">BR2024002310</subfield>
  </datafield>
  <datafield tag="856" ind1=" " ind2=" ">
    <subfield code="u">https://www.scielo.br/j/abmvz/a/XSvsqDkryxhQpWBBHkywJ3v/?format=pdf&amp;lang=en</subfield>
  </datafield>
  <datafield tag="942" ind1=" " ind2=" ">
    <subfield code="c">Anal&#xED;tica</subfield>
  </datafield>
  <datafield tag="999" ind1=" " ind2=" ">
    <subfield code="c">300988</subfield>
    <subfield code="d">300988</subfield>
  </datafield>
</record>
